| 000 | 00496nam a22001451i 4500 | ||
|---|---|---|---|
| 001 | 183729 | ||
| 003 | ES-MaACL | ||
| 005 | 20230906221947.0 | ||
| 008 | 141003s1871 sp |||| | spa d | ||
| 245 | 0 | 0 |
_aMurallas de Tarragona _b: documentos dirigidos a evitar la enagenación (sic) y destrucción de aquellos monumentos. |
| 260 |
_a[Tarragona] : _bRodríguez y Ario, _c[1871] |
||
| 300 |
_a20 p., 1 plano ; _c26 cm. |
||
| 650 | 4 |
_aMurallas- _zTarragona. _9155665 |
|
| 852 |
_aES-MaACL _jT-163-F-1 |
||
| 999 |
_c183729 _d183729 |
||